000 00259nam a2200109Ia 4500
008 200302s9999 xx 000 0 und d
100 _aGunther Feuerstein
245 _aBiomorphic Architecture
260 _bAxel Menges Ltd.
260 _c2002
300 _a188 P.,
999 _c1209
_d1209